Guia per a l'avaluació de la formació / Ángeles Paredes Mariño
ISBN:
84-7794-415-6
Descripción Física:
82 p. ; 21 cm
Colección:
Perspectiva
; 2
Materias:
Personal -- Formació -- Avaluació
MARC
| LEADER | 00000nam a2200000Ia 4500 | ||
|---|---|---|---|
| 001 | 11167 | ||
| 008 | 160829s1995 xx 000 0 cat d | ||
| 020 | |a 84-7794-415-6 | ||
| 080 | |a E-1-102 | ||
| 100 | |a Paredes Mariño, Ángeles |9 25198 | ||
| 245 | |a Guia per a l'avaluació de la formació / Ángeles Paredes Mariño | ||
| 260 | |a Barcelona : |b Diputació de Barcelona, |c 1995 | ||
| 300 | |a 82 p. ; |c 21 cm | ||
| 490 | |a Perspectiva ; |v 2 | ||
| 650 | |a Personal |x Formació |x Avaluació |9 25199 | ||
| 710 | |a Barcelona (Catalunya : Província). |b Servei de Formació Local |9 53659 | ||
| 901 | |a Arxiu | ||
| 942 | |n 1 |2 udc | ||
| 952 | |0 0 |1 0 |4 0 |6 E1102 |7 1 |9 43499 |a Arxiu |b Arxiu |d 2016-12-01 |l 0 |o E-1-102 |p 11167 |r 2016-12-01 00:00:00 |w 2016-12-01 |y ARXIU | ||
| 952 | |0 0 |1 0 |4 0 |6 PDL |7 1 |9 63584 |a Arxiu |b Arxiu |d 2022-08-30 |l 0 |o PDL |p 26574 |r 2022-08-30 00:00:00 |w 2022-08-30 |y ARXIU | ||
| 999 | |c 46045 |d 46045 | ||